Choo Lenge Akash (Record no. 94605)
[ view plain ]
| 000 -LEADER | |
|---|---|
| fixed length control field | 00579nji a22001817a 4500 |
| 005 - DATE AND TIME OF LATEST TRANSACTION | |
| control field | 20150721161552.0 |
| 007 - PHYSICAL DESCRIPTION FIXED FIELD--GENERAL INFORMATION | |
| fixed length control field | dvd |
| 008 - FIXED-LENGTH DATA ELEMENTS--GENERAL INFORMATION | |
| fixed length control field | 150701b xxu||||| |||| 00| 0 eng d |
| 010 ## - LIBRARY OF CONGRESS CONTROL NUMBER | |
| LC control number | dvd-008469-73 |
| 024 ## - OTHER STANDARD IDENTIFIER | |
| Terms of availability | 150.00 |
| 040 ## - CATALOGING SOURCE | |
| Original cataloging agency | dpl |
| 245 ## - TITLE STATEMENT | |
| Title | Choo Lenge Akash |
| 260 ## - PUBLICATION, DISTRIBUTION, ETC. (IMPRINT) | |
| Place of publication, distribution, etc | Mumbai |
| Name of publisher, distributor, etc | Children's film society |
| 270 ## - ADDRESS | |
| Address | Film Division Complex,24,Dr.G.Deshmukh Marg,Mumbai |
| 300 ## - PHYSICAL DESCRIPTION | |
| Extent | 1 dics(dvd) |
| 942 ## - ADDED ENTRY ELEMENTS (KOHA) | |
| Source of classification or shelving scheme | Dewey Decimal Classification |
| Item type | CD-ROMs, DVDs, VHS |
| Withdrawn status | Lost status | Source of classification or shelving scheme | Damaged status | Not for loan | Home library | Current library | Date acquired | Source of acquisition | Cost, normal purchase price | Total Checkouts | Barcode | Date last seen | Date last borrowed | Copy number | Cost, replacement price | Price effective from | Koha item type |
|---|---|---|---|---|---|---|---|---|---|---|---|---|---|---|---|---|---|
| Dewey Decimal Classification | Central Library | Central Library | 21/07/2015 | Children's film society | 150.00 | 1 | DVD-008469 | 06/05/2019 | 22/04/2019 | 1 | 150.00 | 21/07/2015 | CD-ROMs, DVDs, VHS | ||||
| Dewey Decimal Classification | Karol Bagh | Karol Bagh | 21/07/2015 | Children's film society | 150.00 | DVD-008471 | 21/07/2015 | 1 | 150.00 | 21/07/2015 | CD-ROMs, DVDs, VHS | ||||||
| Dewey Decimal Classification | Patel Nagar | Patel Nagar | 21/07/2015 | Children's film society | 150.00 | DVD-008470 | 21/07/2015 | 1 | 150.00 | 21/07/2015 | CD-ROMs, DVDs, VHS | ||||||
| Dewey Decimal Classification | Sarojini Nagar | Sarojini Nagar | 21/07/2015 | Children's film society | 150.00 | DVD-008472 | 21/07/2015 | 1 | 150.00 | 21/07/2015 | CD-ROMs, DVDs, VHS | ||||||
| Dewey Decimal Classification | Shahdara Branch | Shahdara Branch | 21/07/2015 | Children's film society | 150.00 | DVD-008473 | 21/07/2015 | 1 | 150.00 | 21/07/2015 | CD-ROMs, DVDs, VHS |
